| 000 | 00404nam a2200157Ia 4500 | ||
|---|---|---|---|
| 008 | 210716s2011 xx 000 0 und d | ||
| 020 | _a9789350235614 | ||
| 041 | _aeng | ||
| 082 | _a004.69 CHAB | ||
| 100 | _aChaters, Brent. | ||
| 245 | _aMastering search analytics. | ||
| 250 | _a1 | ||
| 260 |
_aMumbai _bShroff Publishers and Distributors Pvt Ltd _c2011 |
||
| 300 | _axxi,373,23 | ||
| 650 | _aNone | ||
| 999 |
_c192558 _d192558 |
||